000 00855nam a2200265Ia 4500
003 OSt
005 20220928113029.0
006 a|||||r|||| 00| 0
007 ta
008 220927b |||||||| |||| 00| 0 eng d
020 _cUSD 228.00
024 _a144066
037 _b6602, 18/02/2021, Ashutosh Technical Books
_cTextual
040 _aSDCL
_cSDCL
_beng
041 _2eng
_aeng
082 _aB286, R0
100 _aHallin Marc Ed.
_9431337
245 0 _aTime series in high dimensions
_b The general dynamic factor model
260 _aLondon
_bWorld Scientific
_c2020
300 _av-668p.
_ccm.
650 _aBusiness Economics and Finance
700 _a Lippi Marco Ed.
_9431338
942 _hB286, R0
_cTEXL
_2CC
999 _c747776
_d747776